Strieborný muflón

Bibliographic Details
Main Author: Petrovský, Ľudovít, 1919-1996 (Author)
Format: Article
Language:Slovak
Subjects:

MARC

LEADER 00000nab a2200000 a 4500
001 vtls000267187
003 SK-MaSNL
005 20260302214347.0
008 111130c1986 xo 0 slo
015 |a SNBRB19rr/mm-uuuuu 
035 |a CL0277301 
040 |a SNKBUCL  |b slo  |c SNKBUCL  |e AACR2 
041 0 |a slo 
044 |a xo  |c SK 
080 |a 885.4-3  |2 1981 
100 1 |a Petrovský, Ľudovít,  |d 1919-1996  |4 aut  |9 145495 
245 1 0 |a Strieborný muflón  |c Ľudovít Petrovský 
650 0 7 |a poviedky lyrické  |2 snkbucl  |9 893929 
655 7 |a články z novín a časopisov  |2 snkbucl  |9 267496 
655 7 |a články z odboru literárna veda a krásna literatúra  |2 snkbucl  |9 770045 
773 0 |t Ľud  |g Roč. 39, č. 303 (24. 12. 1986), s. 4 
850 |a Slovenská národná knižnica v Martine  |a MTA001 
852 |a SNK  |b KIS3GCP 
958 |a RK 
958 |a LX 
992 |a RBX 
999 |c 1497611  |d 1499541